Sports Quiz

Random Sports or WWE Quiz

WWF/WWE Hardcore Champion Quiz Stats

 Plays Quiz not verified by Sporcle

Challenge
Share
Tweet
Embed
Score 0/243 Timer 12:00
0 Plays Today
Reign # Wrestler % Correct
1Mankind
93.1%
4Hardcore Holly
91.3%
6Hardcore Holly
91.3%
27Hardcore Holly
91.3%
60Hardcore Holly
91.3%
62Hardcore Holly
91.3%
64Hardcore Holly
91.3%
15Crash Holly
90.2%
17Crash Holly
90.2%
26Crash Holly
90.2%
28Crash Holly
90.2%
31Crash Holly
90.2%
33Crash Holly
90.2%
35Crash Holly
90.2%
37Crash Holly
90.2%
39Crash Holly
90.2%
42Crash Holly
90.2%
44Crash Holly
90.2%
48Crash Holly
90.2%
55Crash Holly
90.2%
58Crash Holly
90.2%
140Crash Holly
90.2%
144Crash Holly
90.2%
147Crash Holly
90.2%
153Crash Holly
90.2%
181Crash Holly
90.2%
185Crash Holly
90.2%
189Crash Holly
90.2%
241Crash Holly
90.2%
75Kane
89%
96Mighty Molly
88.4%
36Godfather's Ho
87.9%
51Raven
87.9%
53Raven
87.9%
56Raven
87.9%
59Raven
87.9%
61Raven
87.9%
63Raven
87.9%
66Raven
87.9%
68Raven
87.9%
70Raven
87.9%
72Raven
87.9%
74Raven
87.9%
99Raven
87.9%
103Raven
87.9%
107Raven
87.9%
121Raven
87.9%
126Raven
87.9%
129Raven
87.9%
132Raven
87.9%
151Raven
87.9%
157Raven
87.9%
160Raven
87.9%
165Raven
87.9%
168Raven
87.9%
180Raven
87.9%
206Raven
87.9%
210Raven
87.9%
234Raven
87.9%
32Matt Hardy
86.7%
83Jeff Hardy
85.5%
85Jeff Hardy
85.5%
218Jeff Hardy
85.5%
97Christian
83.2%
94Spike Dudley
82.7%
110Spike Dudley
82.7%
114Spike Dudley
82.7%
118Spike Dudley
82.7%
169Spike Dudley
82.7%
173Spike Dudley
82.7%
177Spike Dudley
82.7%
193Spike Dudley
82.7%
100Bubba Ray Dudley
82.1%
104Bubba Ray Dudley
82.1%
108Bubba Ray Dudley
82.1%
112Bubba Ray Dudley
82.1%
116Bubba Ray Dudley
82.1%
120Bubba Ray Dudley
82.1%
124Bubba Ray Dudley
82.1%
127Bubba Ray Dudley
82.1%
130Bubba Ray Dudley
82.1%
Reign # Wrestler % Correct
133Bubba Ray Dudley
82.1%
150Bubba Ray Dudley
82.1%
89The Undertaker
81.5%
2The Big Bossman
80.9%
3The Road Dogg
80.9%
5Billy Gunn
80.9%
8The Big Bossman
80.9%
10The Big Bossman
80.9%
13The Big Bossman
80.9%
71Billy Gunn
80.9%
7Al Snow
80.3%
9Al Snow
80.3%
12Al Snow
80.3%
52Al Snow
80.3%
65Al Snow
80.3%
92Al Snow
80.3%
122Tommy Dreamer
79.8%
135Tommy Dreamer
79.8%
156Tommy Dreamer
79.8%
159Tommy Dreamer
79.8%
164Tommy Dreamer
79.8%
167Bradshaw
79.8%
171Bradshaw
79.8%
175Bradshaw
79.8%
179Bradshaw
79.8%
183Bradshaw
79.8%
187Bradshaw
79.8%
191Bradshaw
79.8%
195Bradshaw
79.8%
198Bradshaw
79.8%
201Bradshaw
79.8%
203Bradshaw
79.8%
205Bradshaw
79.8%
209Bradshaw
79.8%
213Bradshaw
79.8%
217Bradshaw
79.8%
220Tommy Dreamer
79.8%
221Bradshaw
79.8%
222Tommy Dreamer
79.8%
223Bradshaw
79.8%
224Tommy Dreamer
79.8%
227Tommy Dreamer
79.8%
230Tommy Dreamer
79.8%
233Tommy Dreamer
79.8%
236Tommy Dreamer
79.8%
239Tommy Dreamer
79.8%
240Bradshaw
79.8%
242Tommy Dreamer
79.8%
73The Big Show
79.2%
77The Big Show
79.2%
194The Big Show
79.2%
14Test
76.3%
80Test
76.3%
90Maven
74%
93Maven
74%
98Maven
74%
46Shane McMahon
72.3%
78Chris Jericho
72.3%
43Steve Blackman
69.9%
45Steve Blackman
69.9%
47Steve Blackman
69.9%
50Steve Blackman
69.9%
67Steve Blackman
69.9%
69Steve Blackman
69.9%
91Goldust
69.9%
95The Hurricane
69.9%
102Goldust
69.9%
106Goldust
69.9%
111Goldust
69.9%
115Goldust
69.9%
119Goldust
69.9%
125Goldust
69.9%
128Goldust
69.9%
131Goldust
69.9%
136Goldust
69.9%
18Tazz
69.4%
25Tazz
69.4%
30Tazz
69.4%
84Rob Van Dam
69.4%
86Rob Van Dam
69.4%
87Kurt Angle
69.4%
Reign # Wrestler % Correct
88Rob Van Dam
69.4%
243Rob Van Dam
69.4%
76Rhyno
67.1%
79Rhyno
67.1%
81Rhyno
67.1%
29Perry Saturn
62.4%
49Perry Saturn
62.4%
101William Regal
62.4%
105William Regal
62.4%
109William Regal
62.4%
113William Regal
62.4%
117William Regal
62.4%
16Pete Gas
61.3%
24Pete Gas
61.3%
123Steven Richards
60.7%
134Steven Richards
60.7%
137Steven Richards
60.7%
141Steven Richards
60.7%
143Steven Richards
60.7%
145Steven Richards
60.7%
146Booker T
60.7%
148Booker T
60.7%
149Steven Richards
60.7%
155Steven Richards
60.7%
158Steven Richards
60.7%
161Steven Richards
60.7%
163Steven Richards
60.7%
166Steven Richards
60.7%
174Steven Richards
60.7%
178Steven Richards
60.7%
182Steven Richards
60.7%
184Steven Richards
60.7%
188Steven Richards
60.7%
214Steven Richards
60.7%
226Steven Richards
60.7%
229Steven Richards
60.7%
232Steven Richards
60.7%
238Steven Richards
60.7%
38Gerald Brisco
60.1%
40Gerald Brisco
60.1%
41Pat Patterson
60.1%
154Trish Stratus
58.4%
19Viscera
57.2%
82Mike Awesome
57.2%
22Joey Abs
54.9%
11The British Bulldog
53.2%
34The British Bulldog
53.2%
20Funaki
52.6%
139Justin Credible
52.6%
152Justin Credible
52.6%
192Justin Credible
52.6%
196Justin Credible
52.6%
199Justin Credible
52.6%
207Justin Credible
52.6%
211Justin Credible
52.6%
215Justin Credible
52.6%
21Rodney
51.4%
162Terri
46.2%
138Shawn Stasiak
45.1%
142Shawn Stasiak
45.1%
170Shawn Stasiak
45.1%
172Shawn Stasiak
45.1%
176Shawn Stasiak
45.1%
197Shawn Stasiak
45.1%
200Shawn Stasiak
45.1%
208Shawn Stasiak
45.1%
212Shawn Stasiak
45.1%
216Shawn Stasiak
45.1%
225Shawn Stasiak
45.1%
228Shawn Stasiak
45.1%
231Shawn Stasiak
45.1%
235Shawn Stasiak
45.1%
237Shawn Stasiak
45.1%
23Thrasher
43.9%
186Christopher Nowinski
34.1%
190Christopher Nowinski
34.1%
54K-Kwik
32.9%
57K-Kwik
32.9%
202Johnny Stamboli
31.2%
204Johnny Stamboli
31.2%
219Johnny Stamboli
31.2%

You're not logged in!

Compare scores with friends on all Sporcle quizzes.
Join for Free
OR
Log In

You Might Also Like...

Show Comments

Extras

Top Quizzes Today


Score Distribution

Your Account Isn't Verified!

In order to create a playlist on Sporcle, you need to verify the email address you used during registration. Go to your Sporcle Settings to finish the process.

Report this User

Report this user for behavior that violates our Community Guidelines.

Details: